LEADER 01397nam a2200349 a 4500 001 000000172262 003 CaOOAMICUS 005 20190708135127.0 008 190708s2019 it u000 u ita r 020 $a978-88-3285-098-7* 032 $aLibriCat 040 $aPUL$bita 041 1 $aita$hfre 082 00$a303.4 100 1 $aTouraine, Alain.$0(OLS)http://pul/name/31895 240 10$aDéfense de la modernité.$lItaliano.$0(OLS)http://pul/title/213174 245 10$aIn difesa della modernità /$cAlain Touraine. 260 $aMilano :$bR. Cortina,$c©2019. 300 $a306 p. ;$c23 cm. 490 1 $aScienza e idee ;$v305 504 $aBibliografia: p. 293-300. 650 4$aModernità.$0(OLS)http://pul/subject/39583 650 4$aMutamento sociale.$0(OLS)http://pul/subject/39101 830 0$aScienza e idee (Raffaello Cortina) ;$v305.$0(OLS)http://pul/title/60185 850 $aPUL 852 $aPUL$W1$xSL Diritto e Scienze Sociali 3$y79$m303. 4 TOUAL 1$j196201$qDDC 21$B200953$CPULBib$Z2$F200953 $H133075 $82 941 1 $a9 996 $6020$a978-88-3285-098-7*$9(OLS)http://pul/number/166374 996 $6082$a303.4$9(OLS)http://pul/classification/529 996 $6245$aIn difesa della modernità$9(OLS)http://pul/title/213175 996 $6260$aMilano :$bR. Cortina$9(OLS)http://pul/publisher/52064 LEADER 01429nam a2200253 a 4500 001 000000175135 003 CaOOAMICUS 005 20220425123353.0 008 220425s2022 it m 000 u eng r 032 $aLibriCat 040 $aPUL$bita 100 0 $aPoovathumakal, John Bindumol.$0(OLS)http://pul/name/112609 245 14$aThe use of social media by religious : $bcanonical analysis of the nature, use and effects of social media by religious according to can. 666 of CIC 83 in the light of Indian legislation /$cPoovathumakal John Bindumol. 260 $aRomae :$b[s.n.],$c2022. 300 $a110 p. ;$b$c24 cm 502 $aEstratto della Tesi di Dottorato. Pontificia Universitas Lateranensis. Facultas Iuris Canonici. Roma, 2022. 504 $aBibliografia: p. [87]-108. 650 4$aInternet$xAspetti religiosi.$0(OLS)http://pul/subject/39257 710 2 $aPontificia Università Lateranense.$bFacoltà di diritto canonico.$kTesi.$0(OLS)http://pul/name/81682 850 $aPUL 852 $aPUL$W1$xDP1 Tesi Pon Univ. Lateranense$y41$m2022 C 7$j199394$qTesi$B204104$CPULBib$Z2$F204104 $82 996 $6245$aThe use of social media by religious : $bcanonical analysis of the nature, use and effects of social media by religious according to can. 666 of CIC 83 in the light of Indian legislation$9(OLS)http://pul/title/216549 996 $6260$aRomae :$b[s.n.]$9(OLS)http://pul/publisher/48223